000 00299nam a2200109Ia 4500
008 171211s9999 xx 000 0 und d
245 _aKnockout Game a Lie? Aww, Hell No!
245 _cMr. Colin Flaherty
260 _c2014
650 _xGAMES
856 _uhttp://down.ebook777.com/057/1483540251.pdf
999 _c348895
_d348895